Isolation and identification of Bacteria from Mushroom substrates and evaluation of their biological control potential against three selected Pathogenic Fungi / (Record no. 14222)
[ view plain ]
| 000 -LEADER | |
|---|---|
| fixed length control field | 01086nam a22002777a 4500 |
| 003 - CONTROL NUMBER IDENTIFIER | |
| control field | BD-DhSAU |
| 005 - DATE AND TIME OF LATEST TRANSACTION | |
| control field | 20190113092253.0 |
| 008 - FIXED-LENGTH DATA ELEMENTS--GENERAL INFORMATION | |
| fixed length control field | 151014b2016 bg ||||| |||| 001 0 eng d |
| 040 ## - CATALOGING SOURCE | |
| Original cataloging agency | BD-DhSAU |
| 082 ## - DEWEY DECIMAL CLASSIFICATION NUMBER | |
| Edition number | 22 |
| Classification number | 571.92 |
| Item number | If7 |
| 100 ## - MAIN ENTRY--PERSONAL NAME | |
| Personal name | Iftakhar , H. M. |
| Relator term | Registration No: 10-04099 |
| 245 ## - TITLE STATEMENT | |
| Title | Isolation and identification of Bacteria from Mushroom substrates and evaluation of their biological control potential against three selected Pathogenic Fungi / |
| Remainder of title | MS Thesis |
| Statement of responsibility, etc. | Iftakhar , H. M. |
| 260 ## - PUBLICATION, DISTRIBUTION, ETC. (IMPRINT) | |
| Place of publication, distribution, etc. | Sher-e- Bangla Agricultural University : |
| Name of publisher, distributor, etc. | Department of Plant Pathology, |
| Date of publication, distribution, etc. | 2016 |
| 300 ## - PHYSICAL DESCRIPTION | |
| Extent | vii, 46 p. : |
| Other physical details | ill. ; |
| Dimensions | 30 cm. |
| 590 ## - Name of Cataloguer | |
| Name of Cataloger | Shofi |
| 650 ## - SUBJECT ADDED ENTRY--TOPICAL TERM | |
| Topical term or geographic name as entry element | Plant Pathology |
| 650 ## - SUBJECT ADDED ENTRY--TOPICAL TERM | |
| Topical term or geographic name as entry element | Isolation and identification |
| 650 ## - SUBJECT ADDED ENTRY--TOPICAL TERM | |
| Topical term or geographic name as entry element | Biological control |
| 650 ## - SUBJECT ADDED ENTRY--TOPICAL TERM | |
| Topical term or geographic name as entry element | Bacteria |
| 650 ## - SUBJECT ADDED ENTRY--TOPICAL TERM | |
| Topical term or geographic name as entry element | Mushroom |
| 650 ## - SUBJECT ADDED ENTRY--TOPICAL TERM | |
| Topical term or geographic name as entry element | Pathogenic Fungi |
| 700 ## - ADDED ENTRY--PERSONAL NAME | |
| Personal name | Sultana , Nazneen |
| Relator term | Supervisor |
| 700 ## - ADDED ENTRY--PERSONAL NAME | |
| Personal name | Chowdhury, M. Salahuddin M. |
| Relator term | Co-Supervisor |
| 856 ## - ELECTRONIC LOCATION AND ACCESS | |
| Uniform Resource Identifier | <a href="http://archive.saulibrary.edu.bd:8080/xmlui/handle/123456789/8">http://archive.saulibrary.edu.bd:8080/xmlui/handle/123456789/8</a> |
| Link text | Online Access |
| 942 ## - ADDED ENTRY ELEMENTS (KOHA) | |
| Source of classification or shelving scheme | Dewey Decimal Classification |
| Koha item type | MS Level Thesis |
| Withdrawn status | Lost status | Source of classification or shelving scheme | Damaged status | Not for loan | Collection code | Home library | Branch Name | Date acquired | Total Checkouts | Full call number | Barcode | Date last seen | Price effective from | Koha item type |
|---|---|---|---|---|---|---|---|---|---|---|---|---|---|---|
| Dewey Decimal Classification | Not For Loan | Reference | SAU Library | SAU Library | 05/02/2018 | 571.92 If7 | 40526 | 01/03/2018 | 01/03/2018 | MS Level Thesis |
